000 00939nam a2200265 a 4500
001 59674
003 BD-RjUL
005 20211209080746.0
008 040908s2002 bg a 001 0 eng
020 _z9844330805
035 _a(BD-RjUL) 59798
040 _aDLC
_cDLC
_beng
_dBD-RjUL
041 _aeng
082 _223
_a327.95492054
_bJAJ 2002
100 1 _aJalal, Sheikh Ahmed.
_9177587
245 1 0 _aJapan's contribution in the independence of Bangladesh /
_cSheikh Ahmed Jalal.
260 _aDhaka :
_bHakkani Publishers,
_c2002.
300 _axvii, 350 p. :
_bill. ;
_c25 cm.
500 _aIncludes index.
651 0 _aBangladesh
_xForeign relations
_zJapan.
_9177588
651 0 _aJapan
_xForeign relations
_zBangladesh.
_9177589
651 0 _aBangladesh
_xHistory
_yRevolution, 1971
_xForeign public opinion, Japanese.
_9177590
651 0 _aBangladesh
_xHistory
_yRevolution, 1971
_xPress coverage
_zJapan.
_9177591
942 _2ddc
_cBK
999 _c59674
_d59674